[Event "Lloyds Bank Masters 14th"]
[Site "London"]
[Date "1990.08.18"]
[Round "1"]
[White "Burgess, Graham"]
[Black "Rashkovsky, Nukhim N"]
[Result "0-1"]
[WhiteElo "2335"]
[BlackElo "2530"]
[PlyCount "106"]
[EventDate "1990.08.18"]
[EventType "swiss"]
[EventRounds "10"]
[EventCountry "ENG"]
[SourceTitle "BritBase"]
[Source "John Saunders"]
[SourceDate "2023.05.21"]
[SourceVersion "1"]
[SourceVersionDate "2023.05.21"]
[SourceQuality "1"]

1. d4 Nf6 2. c4 e6 3. Nf3 Bb4+ 4. Bd2 Qe7 5. g3 Nc6 6. Nc3 d5 7. cxd5 exd5 8.
Bg2 O-O 9. O-O Rd8 10. a3 Bxc3 11. Bxc3 Bf5 12. Rc1 h6 13. b4 a6 14. Re1 Ne4
15. Qb3 Na7 16. a4 Nc8 17. Ne5 Ncd6 18. f3 Nf6 19. e3 c6 20. Bf1 Qe8 21. Bb2
Rdc8 22. Rc3 b5 23. Rec1 Nc4 24. e4 dxe4 25. Bxc4 bxc4 26. Qc2 Nd5 27. Nxc4 Qe6
28. Rb3 exf3 29. Qf2 Be4 30. Re1 Nf6 31. Nd2 Ng4 32. Rxe4 Nxf2 33. Rxe6 Nh3+
34. Kf1 fxe6 35. Nxf3 Rab8 36. Bc1 c5 37. dxc5 Rxc5 38. Be3 Rd5 39. Kg2 Ng5 40.
Nxg5 hxg5 41. Kf3 Kf7 42. Ke4 Ra5 43. bxa5 Rxb3 44. Bxg5 Rb4+ 45. Ke5 Rxa4 46.
Bd8 Ke8 47. Bb6 Kd7 48. h4 Rb4 49. Bd4 Rb5+ 50. Ke4 g6 51. Bb6 e5 52. g4 Ke6
53. Bd8 Rb3 0-1

[Event "Lloyds Bank Masters 14th"]
[Site "London"]
[Date "1990.08.18"]
[Round "1"]
[White "Fedorowicz, John P"]
[Black "Ledger, Andrew"]
[Result "1/2-1/2"]
[WhiteElo "2565"]
[BlackElo "2350"]
[PlyCount "94"]
[EventDate "1990.08.18"]
[EventType "swiss"]
[EventRounds "10"]
[EventCountry "ENG"]
[SourceTitle "BritBase"]
[Source "John Saunders"]
[SourceDate "2023.05.21"]
[SourceVersion "1"]
[SourceVersionDate "2023.05.21"]
[SourceQuality "1"]

1. e4 c6 2. d4 d5 3. Nc3 g6 4. h3 Bg7 5. Nf3 Nf6 6. Bd3 dxe4 7. Nxe4 Nxe4 8.
Bxe4 Nd7 9. O-O O-O 10. Qe2 Re8 11. Rd1 Qc7 12. c3 e5 13. Bc2 Rf8 14. Be3 exd4
15. Nxd4 Re8 16. Qd2 a6 17. Re1 c5 18. Nf3 Nf6 19. Bf4 Rxe1+ 20. Rxe1 Qb6 21.
Bb3 Be6 22. Bxe6 fxe6 23. Qe2 Re8 24. Be5 Nd7 25. Bxg7 Kxg7 26. Ng5 e5 27. Ne4
Nf6 28. b3 Qc6 29. Nxf6 Qxf6 30. Qe4 Re7 31. f4 Qh4 32. Kh2 Kf8 33. fxe5 Qxe4
34. Rxe4 Kf7 35. Kg3 Ke6 36. Kf4 Rf7+ 37. Kg5 Rf2 38. g4 Rf3 39. h4 Rxc3 40.
Kh6 Rd3 41. Rc4 Rd4 42. Kxh7 b5 43. Rxc5 Rxg4 44. Rc6+ Kxe5 45. Rxg6 Rxh4+ 46.
Kg7 Kd5 47. Rxa6 Kc5 1/2-1/2

[Event "Lloyds Bank Masters 14th"]
[Site "London"]
[Date "1990.08.18"]
[Round "1"]
[White "Hebden, Mark"]
[Black "Tozer, Richard"]
[Result "1-0"]
[WhiteElo "2520"]
[BlackElo "2285"]
[PlyCount "145"]
[EventDate "1990.08.18"]
[EventType "swiss"]
[EventRounds "10"]
[EventCountry "ENG"]
[SourceTitle "BritBase"]
[Source "John Saunders"]
[SourceDate "2023.05.21"]
[SourceVersion "1"]
[SourceVersionDate "2023.05.21"]
[SourceQuality "1"]

1. e4 c5 2. Nc3 e6 3. Nf3 Nc6 4. g3 Nf6 5. Bg2 Be7 6. O-O O-O 7. d4 cxd4 8.
Nxd4 d6 9. b3 Bd7 10. Bb2 a6 11. Re1 Rc8 12. Nde2 b5 13. Nf4 Ne5 14. Nce2 Qb6
15. Nd3 Nxd3 16. cxd3 Rc7 17. Qd2 a5 18. h3 Rfc8 19. Bd4 Qa6 20. f4 Rc2 21. Qe3
b4 22. Rec1 Bb5 23. e5 Nd5 24. Bxd5 exd5 25. Rxc2 Rxc2 26. Rc1 Rxc1+ 27. Nxc1
dxe5 28. Qxe5 Bf8 29. Qxd5 Bc6 30. Qd8 Qb5 31. Kf2 Bb7 32. Ke3 h6 33. Kd2 Bg2
34. h4 Bh3 35. Bb6 Qc6 36. Qd4 Be7 37. Ne2 Bf6 38. Qc5 Qg2 39. Qf2 Qd5 40. Bd4
Bf5 41. Qe3 Bd8 42. Qe5 Qxe5 43. Bxe5 f6 44. Bd4 Kf7 45. Bc5 Bc7 46. Nd4 Bd7
47. Ke3 g5 48. hxg5 fxg5 49. Ke4 Kf6 50. Bf8 gxf4 51. gxf4 h5 52. Bh6 Bb6 53.
Bg5+ Kg6 54. Ke5 Bxd4+ 55. Kxd4 Bb5 56. Ke4 a4 57. d4 axb3 58. axb3 Be2 59. d5
Kf7 60. Kd4 Bd1 61. Kc4 Bc2 62. Kxb4 Ke8 63. Kc3 Bf5 64. Kd4 Kd7 65. Ke5 Bd3
66. f5 Bc2 67. f6 Bg6 68. b4 Bf7 69. Kd4 Kd6 70. b5 Kd7 71. b6 Kc8 72. d6 Be6
73. Bf4 1-0

[Event "Lloyds Bank Masters 14th"]
[Site "London"]
[Date "1990.08.18"]
[Round "1"]
[White "Lodhi, Mahmood"]
[Black "Sachs, Jonathan"]
[Result "1-0"]
[WhiteElo "2405"]
[BlackElo "2275"]
[PlyCount "97"]
[EventDate "1990.08.18"]
[EventType "swiss"]
[EventRounds "10"]
[EventCountry "ENG"]
[SourceTitle "BritBase"]
[Source "John Saunders"]
[SourceDate "2023.05.21"]
[SourceVersion "1"]
[SourceVersionDate "2023.05.21"]
[SourceQuality "1"]

1. d4 Nc6 2. Nf3 d6 3. g3 g6 4. Bg2 Bg7 5. O-O e5 6. dxe5 dxe5 7. Nc3 Qxd1 8.
Rxd1 Bf5 9. Nb5 Rc8 10. Nh4 Bd7 11. Be3 a6 12. Bxc6 Bxc6 13. Na7 Rd8 14. Nxc6
bxc6 15. Rxd8+ Kxd8 16. Nf3 f6 17. Nd2 Ne7 18. Nb3 Nd5 19. Nc5 Nxe3 20. fxe3
Kc8 21. Nxa6 Rd8 22. Nb4 c5 23. Nd3 c4 24. Ne1 e4 25. b4 f5 26. Rb1 Kb7 27. a4
Bc3 28. Kf2 Kc6 29. h4 Rb8 30. b5+ Kc5 31. Ng2 Ra8 32. Nf4 Rxa4 33. Ne6+ Kb6
34. Nf8 Rb4 35. Rd1 Rb2 36. Nxh7 Rxc2 37. Nf8 Bb2 38. Nxg6 c3 39. h5 Rd2 40.
Ke1 c2 41. Kxd2 cxd1=Q+ 42. Kxd1 Bg7 43. Ne7 Kxb5 44. Nxf5 Bf6 45. g4 Kc5 46.
h6 Kd5 47. Kc2 Ke6 48. Kb3 Be5 49. Kc4 1-0

[Event "Lloyds Bank Masters 14th"]
[Site "London"]
[Date "1990.08.18"]
[Round "1"]
[White "Mack, Andrew L"]
[Black "Madl, Ildiko"]
[Result "1/2-1/2"]
[WhiteElo "2270"]
[BlackElo "2375"]
[PlyCount "139"]
[EventDate "1990.08.18"]
[EventType "swiss"]
[EventRounds "10"]
[EventCountry "ENG"]
[SourceTitle "BritBase"]
[Source "John Saunders"]
[SourceDate "2023.05.21"]
[SourceVersion "1"]
[SourceVersionDate "2023.05.21"]
[SourceQuality "1"]

1. e4 c5 2. Nf3 d6 3. d4 cxd4 4. Nxd4 Nf6 5. Nc3 Nc6 6. Bg5 e6 7. Qd2 a6 8.
O-O-O Bd7 9. Be2 b5 10. Nxc6 Bxc6 11. Qe3 Qe7 12. Bf3 Qa7 13. Qe2 Be7 14. e5
Bxf3 15. Qxf3 Nd7 16. Bxe7 Nxe5 17. Qg3 Qxe7 18. f4 Nc4 19. b3 Nb6 20. Qxg7
O-O-O 21. Qd4 Kb7 22. Ne4 d5 23. Nc5+ Kc6 24. b4 a5 25. bxa5 Qxc5 26. Qxc5+
Kxc5 27. axb6 Ra8 28. Kb2 Ra4 29. g3 Rha8 30. b7 Rb8 31. Rhe1 Rxb7 32. Re5 Rba7
33. Ra1 Kd6 34. Rh5 f5 35. Rh6 d4 36. Kb3 Kc5 37. Kb2 Kd5 38. Kb3 Ra3+ 39. Kb2
Rc3 40. Rd1 Rca3 41. Ra1 Re3 42. Rd1 Re2 43. Kb1 Rc7 44. Rc1 b4 45. Rh5 Ke4 46.
Rh6 Kf3 47. Rf1+ Kg2 48. Rc1 Kf2 49. Rf6 Kf3 50. Rh6 Re4 51. Rd1 Ke2 52. Kc1
Rd7 53. Rd2+ Kf3 54. Rd3+ Re3 55. Rb3 Rc7 56. Rxe6 Rxb3 57. axb3 d3 58. Kd2
dxc2 59. Kc1 h5 60. Re5 Kg4 61. Re8 h4 62. Rb8 h3 63. Rh8 Rc5 64. Rh4+ Kf3 65.
Rxh3 Ke4 66. Rh5 Kd3 67. g4 Ra5 68. Rh3+ Ke4 69. gxf5 Rxf5 70. Kxc2 1/2-1/2

[Event "Lloyds Bank Masters 14th"]
[Site "London"]
[Date "1990.08.18"]
[Round "1"]
[White "Maric, Alisa"]
[Black "Sadler, Matthew D"]
[Result "0-1"]
[WhiteElo "2305"]
[BlackElo "2470"]
[PlyCount "50"]
[EventDate "1990.08.18"]
[EventType "swiss"]
[EventRounds "10"]
[EventCountry "ENG"]
[SourceTitle "BritBase"]
[Source "John Saunders"]
[SourceDate "2023.05.21"]
[SourceVersion "1"]
[SourceVersionDate "2023.05.21"]
[SourceQuality "1"]

1. d4 d5 2. c4 dxc4 3. e3 Nf6 4. Bxc4 e6 5. Nf3 a6 6. Nc3 c5 7. Bd3 Nc6 8. O-O
Bd6 9. a3 b6 10. dxc5 bxc5 11. Ne4 Bb7 12. Nxd6+ Qxd6 13. Qc2 Ne5 14. Nxe5 Qxe5
15. Rd1 O-O 16. f4 Qh5 17. Bd2 Rfd8 18. e4 c4 19. Qxc4 Rac8 20. Qb3 Ng4 21. h3
Qc5+ 22. Kh1 Nf2+ 23. Kh2 Nxd1 24. Rxd1 Rb8 25. Bc3 Bd5 0-1

[Event "Lloyds Bank Masters 14th"]
[Site "London"]
[Date "1990.08.18"]
[Round "1"]
[White "Mortazavi, Ali"]
[Black "Naumkin, Igor"]
[Result "0-1"]
[WhiteElo "2285"]
[BlackElo "2445"]
[PlyCount "90"]
[EventDate "1990.08.18"]
[EventType "swiss"]
[EventRounds "10"]
[EventCountry "ENG"]
[SourceTitle "BritBase"]
[Source "John Saunders"]
[SourceDate "2023.05.21"]
[SourceVersion "1"]
[SourceVersionDate "2023.05.21"]
[SourceQuality "1"]

1. Nf3 Nf6 2. g3 d5 3. Bg2 c5 4. O-O Nc6 5. d3 e5 6. c4 Be7 7. Nc3 d4 8. Na4 h6
9. a3 O-O 10. Rb1 Qc7 11. e3 Bf5 12. e4 Bg4 13. h3 Be6 14. Bd2 a6 15. b4 cxb4
16. axb4 b5 17. cxb5 axb5 18. Nc5 Bxc5 19. bxc5 Ra3 20. Ne1 Rb8 21. f4 b4 22.
g4 Qe7 23. f5 Bc8 24. h4 Nh7 25. g5 hxg5 26. hxg5 Nxg5 27. Qh5 Nh7 28. Rf3 Nf6
29. Qh4 Qxc5 30. Rh3 Kf8 31. Qh8+ Ke7 32. Qxg7 Nd7 33. Rh6 Kd8 34. Qxf7 Kc7 35.
Bh3 Rba8 36. f6 Ra1 37. Rxa1 Rxa1 38. Rh7 Qd6 39. Bf5 Rd1 40. Bh6 Rxe1+ 41. Kf2
b3 42. Qxb3 Rh1 43. Kg2 Rh4 44. Kg3 Qxf6 45. Bxd7 Bxd7 0-1

[Event "Lloyds Bank Masters 14th"]
[Site "London"]
[Date "1990.08.18"]
[Round "1"]
[White "Nielsen, Uffe V"]
[Black "Ward, Christopher G"]
[Result "1-0"]
[WhiteElo "2300"]
[BlackElo "2460"]
[PlyCount "93"]
[EventDate "1990.08.18"]
[EventType "swiss"]
[EventRounds "10"]
[EventCountry "ENG"]
[SourceTitle "BritBase"]
[Source "John Saunders"]
[SourceDate "2023.05.21"]
[SourceVersion "1"]
[SourceVersionDate "2023.05.21"]
[SourceQuality "1"]

1. e4 c5 2. Nf3 d6 3. d4 cxd4 4. Nxd4 Nf6 5. Nc3 g6 6. Be2 Bg7 7. O-O O-O 8.
Nb3 Nc6 9. Re1 a6 10. Bf1 b5 11. Bg5 h6 12. Bh4 Bb7 13. a4 b4 14. Nd5 Nd7 15.
Rb1 Nb6 16. a5 Na4 17. Qd2 g5 18. Bg3 Nxb2 19. Nxb4 Nxa5 20. Nxa5 Qxa5 21. c3
Na4 22. e5 Qc5 23. Nd3 Qc6 24. h4 g4 25. Rb4 Bc8 26. Ree4 Nc5 27. Rxg4 Bxg4 28.
Rxg4 f5 29. Rg6 Kh7 30. h5 Ne4 31. Qf4 Qxc3 32. Qh4 Rf7 33. exd6 exd6 34. Bxd6
Re8 35. Qf4 Rf6 36. Be5 Rxe5 37. Nxe5 Qc8 38. Bd3 Nd6 39. Ng4 Rf8 40. Nxh6 Ne4
41. g4 Nxf2 42. Qxf2 Qc1+ 43. Kg2 Bxh6 44. Qa7+ Kh8 45. Qd4+ Kh7 46. g5 Qd2+
47. Kh3 1-0

[Event "Lloyds Bank Masters 14th"]
[Site "London"]
[Date "1990.08.18"]
[Round "1"]
[White "Rogers, Ian"]
[Black "Webster, Andrew"]
[Result "1/2-1/2"]
[WhiteElo "2535"]
[BlackElo "2335"]
[PlyCount "77"]
[EventDate "1990.08.18"]
[EventType "swiss"]
[EventRounds "10"]
[EventCountry "ENG"]
[SourceTitle "BritBase"]
[Source "John Saunders"]
[SourceDate "2023.05.21"]
[SourceVersion "1"]
[SourceVersionDate "2023.05.21"]
[SourceQuality "1"]

1. e4 e6 2. d4 d5 3. Nc3 Bb4 4. e5 c5 5. a3 Bxc3+ 6. bxc3 Ne7 7. Qg4 Qc7 8. Bd3
cxd4 9. Ne2 dxc3 10. Qxg7 Rg8 11. Qxh7 Nbc6 12. Bf4 Bd7 13. O-O O-O-O 14. Bg3
Rdf8 15. Rfe1 Qa5 16. Qh4 Qc5 17. Reb1 a6 18. Rb3 d4 19. Rab1 b5 20. Rd1 Rd8
21. a4 Na5 22. Rbb1 Bc6 23. axb5 axb5 24. Ra1 Nc4 25. Bxc4 Nf5 26. Bxe6+ fxe6
27. Qf6 Nxg3 28. Qxe6+ Kb8 29. hxg3 Rge8 30. Qg6 Qd5 31. Nf4 Qe4 32. Qf7 Rxe5
33. Qf6 Rd7 34. Re1 Qxe1+ 35. Rxe1 Rxe1+ 36. Kh2 d3 37. Qxc6 Rh7+ 38. Nh3 d2
39. Qb6+ 1/2-1/2

[Event "Lloyds Bank Masters 14th"]
[Site "London"]
[Date "1990.08.18"]
[Round "1"]
[White "Sakhatova, Gulnar->Sachs"]
[Black "Suba, Mihai"]
[Result "0-1"]
[WhiteElo "2315"]
[BlackElo "2520"]
[PlyCount "75"]
[EventDate "1990.08.18"]
[EventType "swiss"]
[EventRounds "10"]
[EventCountry "ENG"]
[SourceTitle "BritBase"]
[Source "John Saunders"]
[SourceDate "2023.05.21"]
[SourceVersion "1"]
[SourceVersionDate "2023.05.21"]
[SourceQuality "1"]

1. d4 Nf6 2. c4 e6 3. Nf3 c5 4. g3 cxd4 5. Nxd4 Bb4+ 6. Bd2 Be7 7. Bg2 Nc6 8.
Bc3 O-O 9. O-O d5 10. cxd5 Nxd5 11. Nxc6 bxc6 12. Bd4 Ba6 13. Re1 Qa5 14. Nd2
c5 15. e4 Nb4 16. Bc3 Qb6 17. Qg4 g6 18. Red1 Rad8 19. h4 Nc2 20. Rac1 Nd4 21.
Re1 e5 22. Re3 Bf6 23. Bf1 Bxf1 24. Nxf1 Bg7 25. Nd2 h5 26. Qh3 Bh6 27. Nc4 Qf6
28. f4 exf4 29. Qf1 Qe6 30. Rd3 fxg3 31. Nd2 Qg4 32. Re1 Qxh4 33. Qg2 Ne2+ 34.
Rxe2 Rxd3 35. Nf1 Qf4 36. e5 Rf3 37. e6 fxe6 38. Bd2 0-1

[Event "Lloyds Bank Masters 14th"]
[Site "London"]
[Date "1990.08.18"]
[Round "1"]
[White "Smagin, Sergey"]
[Black "McDonald, Neil R"]
[Result "1-0"]
[WhiteElo "2550"]
[BlackElo "2350"]
[PlyCount "107"]
[EventDate "1990.08.18"]
[EventType "swiss"]
[EventRounds "10"]
[EventCountry "ENG"]
[SourceTitle "BritBase"]
[Source "John Saunders"]
[SourceDate "2023.05.21"]
[SourceVersion "1"]
[SourceVersionDate "2023.05.21"]
[SourceQuality "1"]

1. e4 e6 2. d4 d5 3. Nd2 Nf6 4. e5 Nfd7 5. f4 c5 6. c3 Nc6 7. Ngf3 cxd4 8. cxd4
Qb6 9. Nb1 Ndb8 10. Nc3 Bd7 11. f5 Na6 12. a3 Rc8 13. fxe6 fxe6 14. Bd3 Be7 15.
Ne2 Na5 16. Bg5 Nb3 17. Bxe7 Kxe7 18. Rb1 Be8 19. O-O Bh5 20. Qe1 Kd7 21. Qh4
Bxf3 22. Rxf3 Kc7 23. Rf7+ Kb8 24. Rxg7 Nac5 25. Qg3 Nxd4 26. Nxd4 Nb3 27. Kh1
Nxd4 28. Bxh7 Rhf8 29. Qe3 Qc5 30. h3 Rc7 31. Rxc7 Qxc7 32. Qxd4 Qxh7 33. Rc1
Qh6 34. Rc3 a6 35. Kh2 Ka8 36. Rc7 Kb8 37. Rc3 Ka8 38. a4 Kb8 39. a5 Ka8 40.
Rb3 Qg7 41. Rc3 Qh6 42. b4 Kb8 43. Rb3 Rf4 44. Qb6 Rf7 45. Rg3 Qf4 46. Qxe6 Rg7
47. Qd6+ Kc8 48. Qc5+ Kb8 49. Qe3 Qxe3 50. Rxe3 Kc7 51. g4 Kc6 52. e6 Re7 53.
Kg3 d4 54. Re5 1-0

[Event "Lloyds Bank Masters 14th"]
[Site "London"]
[Date "1990.08.18"]
[Round "1"]
[White "Sturua, Zurab"]
[Black "Hassabis, Demis"]
[Result "1/2-1/2"]
[WhiteElo "2470"]
[BlackElo "2285"]
[PlyCount "62"]
[EventDate "1990.08.18"]
[EventType "swiss"]
[EventRounds "10"]
[EventCountry "ENG"]
[SourceTitle "BritBase"]
[Source "John Saunders"]
[SourceDate "2023.05.21"]
[SourceVersion "1"]
[SourceVersionDate "2023.05.21"]
[SourceQuality "1"]

1. g3 e5 2. Bg2 d5 3. d3 Nf6 4. Nf3 Nc6 5. O-O Be7 6. c3 O-O 7. Qc2 h6 8. e4
dxe4 9. dxe4 Be6 10. Nh4 Bc5 11. b4 Bb6 12. a4 a6 13. Ba3 Re8 14. Nd2 Qc8 15.
Rae1 Rd8 16. Re2 Qd7 17. Rfe1 Qd3 18. Qb2 Ng4 19. Nhf3 Qd7 20. h3 Nxf2 21. Rxf2
Bxf2+ 22. Kxf2 Bxh3 23. Nf1 Bxg2 24. Kxg2 b5 25. Qb3 Qd3 26. Bc1 bxa4 27. Qxa4
Qxc3 28. Bd2 Qc4 29. Kf2 Rd6 30. Qa1 Rf6 31. Qc3 Qb5 1/2-1/2

[Event "Lloyds Bank Masters 14th"]
[Site "London"]
[Date "1990.08.18"]
[Round "1"]
[White "Wojtkiewicz, Aleksander"]
[Black "Law, Andrew P"]
[Result "1-0"]
[WhiteElo "2515"]
[BlackElo "2335"]
[PlyCount "75"]
[EventDate "1990.08.18"]
[EventType "swiss"]
[EventRounds "10"]
[EventCountry "ENG"]
[SourceTitle "BritBase"]
[Source "John Saunders"]
[SourceDate "2023.05.21"]
[SourceVersion "1"]
[SourceVersionDate "2023.05.21"]
[SourceQuality "1"]

1. Nf3 d5 2. c4 d4 3. a3 a5 4. e3 c5 5. exd4 cxd4 6. g3 Nc6 7. d3 e5 8. Bg2 Bd6
9. O-O Nge7 10. Re1 O-O 11. Nbd2 h6 12. Rb1 a4 13. Ne4 Bb8 14. Bd2 b6 15. Bb4
Ra7 16. b3 axb3 17. Qxb3 Bc7 18. c5 bxc5 19. Nxc5 Re8 20. Nd2 Ra8 21. Nc4 Rb8
22. Qa4 Nxb4 23. axb4 f6 24. b5 Bb6 25. Na6 Bxa6 26. bxa6 Ba7 27. Rxb8 Qxb8 28.
Qa2 Kh8 29. Rb1 Qc7 30. Rb7 Qc5 31. Qa5 Nc8 32. Qxc5 Bxc5 33. Rc7 Ba7 34. Bc6
Rd8 35. Bd7 Nb6 36. Be6 Nxc4 37. Bxc4 Bb6 38. Rb7 1-0

[Event "Lloyds Bank Masters 14th"]
[Site "London"]
[Date "1990.08.18"]
[Round "1"]
[White "Nielsen, Poul Erik"]
[Black "Chandler, Murray G"]
[Result "0-1"]
[WhiteElo "2265"]
[BlackElo "2585"]
[PlyCount "58"]
[EventDate "1990.08.18"]
[EventType "swiss"]
[EventRounds "10"]
[EventCountry "ENG"]
[SourceTitle "BritBase"]
[Source "John Saunders"]
[SourceDate "2023.05.21"]
[SourceVersion "1"]
[SourceVersionDate "2023.05.21"]
[SourceQuality "1"]

1. d4 Nf6 2. c4 e6 3. Nf3 b6 4. g3 Ba6 5. Qc2 Bb7 6. Nc3 c5 7. d5 exd5 8. cxd5
Nxd5 9. Qe4+ Qe7 10. Qxd5 Bxd5 11. Nxd5 Qd8 12. Bg5 f6 13. Bf4 d6 14. e4 Nd7
15. O-O-O a6 16. h4 Ra7 17. Bh3 Kf7 18. h5 b5 19. Nh4 g5 20. hxg6+ hxg6 21. Be3
Bh6 22. f4 Nb6 23. Nf3 Nc4 24. Bf2 Qa5 25. Kb1 b4 26. Rhf1 Bg7 27. Bg2 Rb8 28.
b3 Na3+ 29. Kb2 Nb5 0-1

[Event "Lloyds Bank Masters 14th"]
[Site "London"]
[Date "1990.08.18"]
[Round "1"]
[White "Soltis, Andrew E"]
[Black "Lalic, Susan Kathryn"]
[Result "1-0"]
[WhiteElo "2400"]
[BlackElo "2270"]
[PlyCount "97"]
[EventDate "1990.08.18"]
[EventType "swiss"]
[EventRounds "10"]
[EventCountry "ENG"]
[SourceTitle "BritBase"]
[Source "John Saunders"]
[SourceDate "2023.05.21"]
[SourceVersion "1"]
[SourceVersionDate "2023.05.21"]
[SourceQuality "1"]

1. e4 c6 2. Nc3 d5 3. Nf3 Bg4 4. h3 Bxf3 5. Qxf3 Nf6 6. d3 e6 7. Bd2 Bb4 8. a3
Be7 9. g3 O-O 10. Bg2 Qb6 11. O-O dxe4 12. dxe4 Rd8 13. e5 Nfd7 14. Bf4 Nf8 15.
Ne4 Ng6 16. Nd6 Nxe5 17. Bxe5 Bxd6 18. Bxd6 Rxd6 19. Rad1 Rxd1 20. Rxd1 Na6 21.
Rd7 Rf8 22. b4 Nxb4 23. axb4 Qxb4 24. Qb3 Qxb3 25. cxb3 Rb8 26. b4 Kf8 27. f4
Ke8 28. Rc7 h6 29. Kf2 g5 30. Ke3 Kf8 31. Bf3 a5 32. bxa5 Ra8 33. fxg5 hxg5 34.
Bh5 f5 35. Rf7+ Kg8 36. Rxb7 Rxa5 37. Bf7+ Kf8 38. h4 Ra3+ 39. Kd4 Kg7 40.
Bxe6+ Kf6 41. Bb3 gxh4 42. gxh4 Ra1 43. Rc7 Rh1 44. Rxc6+ Kg7 45. Rc7+ Kh6 46.
Ke5 Rxh4 47. Kf6 Rg4 48. Bf7 f4 49. Rc1 {Source: Andrew Soltis; contributed by
Andy Ansel, 28 May 2023} 1-0

[Event "Lloyds Bank Masters 14th"]
[Site "London"]
[Date "1990.08.19"]
[Round "2"]
[White "Flear, Glenn C"]
[Black "Fatin, Tarek"]
[Result "1-0"]
[WhiteElo "2485"]
[BlackElo "2375"]
[PlyCount "53"]
[EventDate "1990.08.18"]
[EventType "swiss"]
[EventRounds "10"]
[EventCountry "ENG"]
[SourceTitle "BritBase"]
[Source "John Saunders"]
[SourceDate "2023.05.21"]
[SourceVersion "1"]
[SourceVersionDate "2023.05.21"]
[SourceQuality "1"]

1. d4 Nf6 2. c4 e6 3. Nc3 Bb4 4. Qc2 c5 5. dxc5 Bxc5 6. Nf3 Nc6 7. Bg5 h6 8.
Bh4 g5 9. Bg3 Nh5 10. e3 Nxg3 11. hxg3 g4 12. Nd2 f5 13. O-O-O a6 14. Be2 Qg5
15. Nce4 fxe4 16. Nxe4 Qe7 17. Nxc5 Qxc5 18. Qg6+ Kf8 19. Qf6+ Kg8 20. Rh4 h5
21. Rdh1 Ne5 22. b4 Qxb4 23. Qxe5 Qa3+ 24. Kb1 Qb4+ 25. Ka1 Rh7 26. Bd3 Rg7 27.
Rxh5 1-0

[Event "Lloyds Bank Masters 14th"]
[Site "London"]
[Date "1990.08.19"]
[Round "2"]
[White "Ginsburg, Mark"]
[Black "Hodgson, Julian M"]
[Result "1/2-1/2"]
[WhiteElo "2420"]
[BlackElo "2555"]
[PlyCount "65"]
[EventDate "1990.08.18"]
[EventType "swiss"]
[EventRounds "10"]
[EventCountry "ENG"]
[SourceTitle "BritBase"]
[Source "John Saunders"]
[SourceDate "2023.05.21"]
[SourceVersion "1"]
[SourceVersionDate "2023.05.21"]
[SourceQuality "1"]

1. c4 e5 2. Nc3 Bb4 3. g3 Bxc3 4. bxc3 Nc6 5. e4 d6 6. Bg2 f5 7. exf5 Bxf5 8.
d3 Nf6 9. Nf3 O-O 10. Nh4 Bg4 11. f3 Be6 12. O-O Nh5 13. Re1 g5 14. f4 Nxf4 15.
gxf4 gxh4 16. Kh1 Kh8 17. Qh5 Bf7 18. Qh6 Bg6 19. fxe5 dxe5 20. Bg5 Qd6 21.
Qxh4 Bxd3 22. Rad1 e4 23. Bxe4 Bxe4+ 24. Qxe4 Qg6 25. Qxg6 hxg6 26. Rd7 Rf5 27.
Be3 Raf8 28. Rxc7 R5f7 29. Rxf7 Rxf7 30. Kg2 Rd7 31. Bd4+ Nxd4 32. Rd1 Rc7 33.
Rxd4 1/2-1/2

[Event "Lloyds Bank Masters 14th"]
[Site "London"]
[Date "1990.08.19"]
[Round "2"]
[White "Ledger, Andrew"]
[Black "Levitt, Jonathan P"]
[Result "0-1"]
[WhiteElo "2350"]
[BlackElo "2455"]
[PlyCount "88"]
[EventDate "1990.08.18"]
[EventType "swiss"]
[EventRounds "10"]
[EventCountry "ENG"]
[SourceTitle "BritBase"]
[Source "John Saunders"]
[SourceDate "2023.05.21"]
[SourceVersion "1"]
[SourceVersionDate "2023.05.21"]
[SourceQuality "1"]

1. Nf3 Nf6 2. g3 d5 3. Bg2 c6 4. O-O Bf5 5. d3 h6 6. Nbd2 e6 7. b3 a5 8. Bb2
Be7 9. e4 Bh7 10. a4 O-O 11. Qe2 Na6 12. Ne5 Nd7 13. Nxd7 Qxd7 14. Qg4 f6 15.
Nf3 Bc5 16. exd5 cxd5 17. Nd4 Rae8 18. Rfe1 Nc7 19. Rad1 Rf7 20. c4 Bb4 21. Rf1
e5 22. Qxd7 Rxd7 23. Nb5 Nxb5 24. axb5 dxc4 25. dxc4 Red8 26. Rxd7 Rxd7 27.
Bd5+ Kf8 28. Rc1 b6 29. Kg2 Bg8 30. Be4 Ke7 31. Bc3 Bxc3 32. Rxc3 Rd4 33. Kf3
Kd6 34. Rd3 Kc5 35. Rxd4 exd4 36. Bd3 a4 37. bxa4 Bxc4 38. Bc2 d3 39. Bd1 Kd4
40. h4 g5 41. hxg5 hxg5 42. Kg4 Kc3 43. Kf5 Kd2 44. Bh5 Ke1 0-1

[Event "Lloyds Bank Masters 14th"]
[Site "London"]
[Date "1990.08.19"]
[Round "2"]
[White "Madl, Ildiko"]
[Black "Jackson, Sheila"]
[Result "1/2-1/2"]
[WhiteElo "2375"]
[BlackElo "2205"]
[PlyCount "153"]
[EventDate "1990.08.18"]
[EventType "swiss"]
[EventRounds "10"]
[EventCountry "ENG"]
[SourceTitle "BritBase"]
[Source "John Saunders"]
[SourceDate "2023.05.21"]
[SourceVersion "1"]
[SourceVersionDate "2023.05.21"]
[SourceQuality "1"]

1. e4 e5 2. Nf3 Nc6 3. Bb5 a6 4. Ba4 Nf6 5. O-O Be7 6. Re1 b5 7. Bb3 d6 8. c3
O-O 9. h3 Bb7 10. d4 Re8 11. Nbd2 Bf8 12. a3 h6 13. Bc2 Nb8 14. b4 Nbd7 15. Bb2
a5 16. Bd3 c6 17. Qc2 axb4 18. cxb4 exd4 19. Nxd4 Rc8 20. Qb3 Ne5 21. Bf1 Ng6
22. N4f3 Nd7 23. Rad1 Qb6 24. Bd4 Qa6 25. Ra1 Qa8 26. a4 bxa4 27. Rxa4 Qb8 28.
Bc4 Re7 29. Rea1 c5 30. bxc5 dxc5 31. Ra7 Bc6 32. Be3 Qxb3 33. Bxb3 Nge5 34.
Nxe5 Rxe5 35. Rd1 Re7 36. Nc4 Nf6 37. Rxe7 Bxe7 38. f3 Rb8 39. Na5 Be8 40. e5
Nh7 41. Bd5 Ng5 42. Rc1 Ne6 43. Nb7 Nd4 44. Kf2 Bc6 45. Bxd4 Bxd5 46. Nxc5 Rc8
47. Nd3 Rxc1 48. Nxc1 h5 49. Nd3 g6 50. Nf4 Bc4 51. g3 Bg5 52. Ng2 Be6 53. f4
Be7 54. h4 Kg7 55. Ne3 f6 56. exf6+ Bxf6 57. Bxf6+ Kxf6 58. Kf3 Ba2 59. Nc2
Bd5+ 60. Kf2 Be4 61. Nd4 Bd5 62. Ke3 Bb7 63. Kd3 Bd5 64. Kc3 Ba2 65. Kb4 Bd5
66. Kc5 Bg2 67. Kd6 Be4 68. Kd7 Bd5 69. Kd8 Bg2 70. f5 gxf5 71. Ne2 Bf3 72. Nf4
Ke5 73. Ke7 Bg4 74. Kf7 Ke4 75. Kg6 Kf3 76. Nxh5 Bxh5+ 77. Kxf5 1/2-1/2

[Event "Lloyds Bank Masters 14th"]
[Site "London"]
[Date "1990.08.19"]
[Round "2"]
[White "Murshed, Niaz"]
[Black "Liss, Eran"]
[Result "1-0"]
[WhiteElo "2465"]
[BlackElo "2280"]
[PlyCount "51"]
[EventDate "1990.08.18"]
[EventType "swiss"]
[EventRounds "10"]
[EventCountry "ENG"]
[SourceTitle "BritBase"]
[Source "John Saunders"]
[SourceDate "2023.05.21"]
[SourceVersion "1"]
[SourceVersionDate "2023.05.21"]
[SourceQuality "1"]

1. d4 Nf6 2. Nf3 e6 3. Bg5 c5 4. e3 Be7 5. Nc3 d5 6. Bd3 Nbd7 7. O-O O-O 8. Ne5
Nxe5 9. dxe5 Nd7 10. Bxe7 Qxe7 11. f4 a6 12. Qh5 g6 13. Qh6 c4 14. f5 exf5 15.
Nxd5 Qxe5 16. Bxc4 b5 17. Bb3 Bb7 18. Rad1 Rad8 19. Qg5 Kh8 20. Rd4 Nc5 21. Nf6
Rg8 22. Rh4 Rg7 23. Nxh7 Rxh7 24. Qxd8+ Kg7 25. Qd4 Qxd4 26. Rxh7+ 1-0